შუა საუკუნეების ქართული ფილოსოფია : (ბიბ.ჩანაწერი № 58656)
[ მარტივი ფორმატი ]
| 000 -ლიდერი | |
|---|---|
| ფიქსირებული სიგრძის საკონტროლო ველი | 02157nam a22002537a 4500 |
| 003 - საკონტროლო ნომრის იდენტიფიკატორი | |
| საკონტროლო ველი | Ge_BSU |
| 005 - ბოლო ოპერაციის თარიღი და დრო | |
| საკონტროლო ველი | 20220623115940.0 |
| 008 - ფიქსირებული სიგრძის მონაცემთა ელემენტები - ზოგადი ინფორმაცია | |
| ფიქსირებული სიგრძის საკონტროლო ველი | 220623b xxu||||| |||| 00| 0 geo d |
| 020 ## - წიგნის საერთაშორისო სტანდარტული ნომერი | |
| International Standard Book Number | 9789941816338 |
| 041 ## - ენის კოდი | |
| Language code of text/sound track or separate title | geo |
| 080 ## - უნივერსალური ათობითი კლასიფიკაციის ინდექსი | |
| Universal Decimal Classification number | 1(479.22)(09) ი-76 |
| 100 ## - მთავარი ჩანაწერი - პიროვნების სახელი | |
| Personal name | ირემაძე, თენგიზ |
| 9 (RLIN) | 2229 |
| 245 ## - ცნობა სათაურის შესახებ | |
| Title | შუა საუკუნეების ქართული ფილოსოფია : |
| Remainder of title | სისტემური მონახაზი მისი სპეციფიკის გასაგებად = Medieval Georgian Philosophy : A systematic outline to understand its specifics / |
| Statement of responsibility, etc | თენგიზ ირემაძე ; რედაქტორები: ლალი ზაქარაძე, გიორგი ხუროშვილი ; დაკაბადონება და ყდის დიზაინი გიორგი ბაგრატიონი ; ახალი საქართველოს უნივერსიტეტი, კავკასიური ფილოსოფიისა და თეოლოგიის სამეცნიერო-კვლევითი არქივი. |
| 250 ## - გამოცემის ცნობა | |
| Edition statement | პირველი გამოცემა. |
| 264 ## - წარმოების, გამოცემის, დისტრიბუციის და სხვა ცნობები | |
| გამოცემის, წარმოების, დისტრიბუციის... ადგილი | თბილისი, |
| გამოცემის, წარმოების, დისტრიბუციის... თარიღი | 2019. |
| 501 ## - შენიშვნა თანმხლებ მასალაზე | |
| With note | საძიებლები: გვ. 130-137. |
| 520 ## - SUMMARY, ETC. | |
| Summary, etc | რეზიუმე ინგლისურ ენაზე. |
| 653 ## - INDEX TERM--UNCONTROLLED | |
| Uncontrolled term | ქართული ფილოსოფიის ისტორია. |
| 700 ## - ADDED ENTRY--PERSONAL NAME | |
| Personal name | ზაქარაძე, ლალი |
| Relator term | რედაქტორი |
| 9 (RLIN) | 14202 |
| 700 ## - ADDED ENTRY--PERSONAL NAME | |
| Personal name | ხუროშვილი, გიორგი |
| Relator term | რედაქტორი |
| 9 (RLIN) | 5941 |
| 700 ## - ADDED ENTRY--PERSONAL NAME | |
| Personal name | ბაგრატიონი, გიორგი |
| Relator term | ყდის დიზაინერი |
| 9 (RLIN) | 14204 |
| 710 ## - ADDED ENTRY--CORPORATE NAME | |
| Corporate name or jurisdiction name as entry element | ახალი საქართველოს უნივერსიტეტი |
| Subordinate unit | კავკასიური ფილოსოფიისა და თეოლოგიის სამეცნიერო-კვლევითი არქივი |
| 9 (RLIN) | 14206 |
| 942 ## - ADDED ENTRY ELEMENTS (KOHA) | |
| Source of classification or shelving scheme | |
| Koha item type | წიგნი |
არაა ხელმისაწვდომი ეგზემპლარები.
